Normal view
MARC view
Entry Topical Term
001 - CONTROL NUMBER
- control field: 80705
003 - CONTROL NUMBER IDENTIFIER
- control field:
005 - DATE AND TIME OF LATEST TRANSACTION
- control field: 20210601182853.0
008 - FIXED-LENGTH DATA ELEMENTS
- fixed length control field: 210601|| aca||aabn | a|a d
040 ## - CATALOGING SOURCE
- Original cataloging agency:
- Transcribing agency:
150 ## - HEADING--TOPICAL TERM
- Topical term or geographic name entry element: Art, Modern
- Chronological subdivision: 19th century
- General subdivision: Themes, motives
670 ## - SOURCE DATA FOUND
- Source citation: Work cat.: (): Crary, Jonathan 80703, Techniques of the observer:, c1990
